Προγραμματισμός ηλεκτρονικών υπολογιστών : Fortran 5

Αποθηκεύτηκε σε:
Λεπτομέρειες βιβλιογραφικής εγγραφής
Κύριος συγγραφέας: Λεοντίτσης, Ανδρέας Σ.
Μορφή: Βιβλίο
Γλώσσα:Greek
Δημοσίευση: Ιωάννινα : Πανεπιστήμιο Ιωαννίνων, 1986.
Θέματα:
Ετικέτες: Προσθήκη ετικέτας
Δεν υπάρχουν, Καταχωρήστε ετικέτα πρώτοι!

MARC

LEADER 00000cam a2200000 i 4500
001 1/43481
008 950410s1986 gr | ||| |||| ||gre||
035 |a 1995  |c ΒΙΒΛΙΟΘΗΚΗ  |l 10042039 
040 |a GR-MyUA  |b gre  |e AACR2 
041 0 |a gre 
082 0 |a 005.133 
100 1 |a Λεοντίτσης, Ανδρέας Σ. 
245 1 0 |a Προγραμματισμός ηλεκτρονικών υπολογιστών :   |b Fortran 5 /   |c Ανδρέα Λεοντίτση.  
246 3 3 |a Fortran 5 
260 |a Ιωάννινα :   |b Πανεπιστήμιο Ιωαννίνων,   |c 1986.  
300 |a 301 σ. ;   |c 24 εκ.  
650 0 0 |a FORTRAN 77 (Computer program language) 
852 |a INST  |b SAMOS  |e 19950410  |h 005.133 ΛΕΟ  |p 005300005741  |q 005300005741  |t BK  |y 0 
909 |a Σ  |b 038841